000 00821nam a2200265 a 4500
001 000028357
003 DO-SdBNP
005 20170927104314.0
007 000028357
008 110408s1988 dr 000 p spa d
040 _aBPMSU
_bspa
_cBPMSU
082 4 _aRD861.44
_bM844p
100 1 _aMoreta Féliz, Altagracia
245 1 0 _aUn poema para tí, un poema para el mundo /
_cAltagracia Moreta Féliz.
246 _aUn poema para el mundo
260 _aSanto Domingo :
_bBúho,
_c1988.
300 _a52 p. ;
_c21 cm.
500 _aIncluye datos biográficos del autor en la contracubierta
650 4 _aPOESÍA DOMINICANA
650 4 _aLITERATURA DOMINICANA
910 _aValidado. Control de calidad MFF
942 _2ddc
_cBK
945 _aInventario / 2017 VM
956 _aVMATEO
_b10
_c20150727
_lBMPSU
_h00151
999 _c8014
_d8014